Comment on devient ecrivain /

Guardado en:
Autor Principal: Albalat, Antoine
Formato: Libro
Publicado: Paris : Lib. Plon, 1925
Materias:
Etiquetas: Agregar Etiqueta
Sin Etiquetas, Sea el primero en etiquetar este registro!
LEADER 00463nam a22001575a 4500
001 EHU.bham016921
003 AR-BHAM
005 20100528035741.0
008 130507s1925##################000#0#####d
082 8 0 |a 808 
100 1 |a Albalat, Antoine 
245 1 0 |a Comment on devient ecrivain /  |c Antoine Albalat 
260 |a Paris :  |b Lib. Plon,  |c 1925 
300 |a 275 p. 
653 |a Literatura-composicion 
859 |a AR-BHAM  |b BIB. HUMANIDADES - Arturo Marasso  |h 808  |i Al13  |p 2494.57  |t Ej.1  |v M